<?xml version="1.0" encoding="UTF-8"?><?xml-stylesheet type="text/xsl" href="static/style.xsl"?><OAI-PMH xmlns="http://www.openarchives.org/OAI/2.0/" xmlns:xsi="http://www.w3.org/2001/XMLSchema-instance" xsi:schemaLocation="http://www.openarchives.org/OAI/2.0/ http://www.openarchives.org/OAI/2.0/OAI-PMH.xsd"><responseDate>2026-04-29T17:02:14Z</responseDate><request verb="GetRecord" identifier="oai:repisalud.isciii.es:20.500.12105/19452" metadataPrefix="marc">https://repisalud.isciii.es/rest/oai/request</request><GetRecord><record><header><identifier>oai:repisalud.isciii.es:20.500.12105/19452</identifier><datestamp>2024-09-28T01:04:57Z</datestamp><setSpec>com_20.500.12105_2052</setSpec><setSpec>com_20.500.12105_2051</setSpec><setSpec>col_20.500.12105_19613</setSpec></header><metadata><record xmlns="http://www.loc.gov/MARC21/slim" xmlns:dcterms="http://purl.org/dc/terms/" xmlns:doc="http://www.lyncode.com/xoai" xmlns:xsi="http://www.w3.org/2001/XMLSchema-instance" xsi:schemaLocation="http://www.loc.gov/MARC21/slim http://www.loc.gov/standards/marcxml/schema/MARC21slim.xsd">
   <leader>00925njm 22002777a 4500</leader>
   <datafield ind2=" " ind1=" " tag="042">
      <subfield code="a">dc</subfield>
   </datafield>
   <datafield ind2=" " ind1=" " tag="720">
      <subfield code="a">Donat López, Marta</subfield>
      <subfield code="e">author</subfield>
   </datafield>
   <datafield ind2=" " ind1=" " tag="720">
      <subfield code="a">Politi, Julieta</subfield>
      <subfield code="e">author</subfield>
   </datafield>
   <datafield ind2=" " ind1=" " tag="720">
      <subfield code="a">Pérez-Vergara, I</subfield>
      <subfield code="e">author</subfield>
   </datafield>
   <datafield ind2=" " ind1=" " tag="720">
      <subfield code="a">Pérez Romero, César</subfield>
      <subfield code="e">author</subfield>
   </datafield>
   <datafield ind2=" " ind1=" " tag="720">
      <subfield code="a">Giné, F</subfield>
      <subfield code="e">author</subfield>
   </datafield>
   <datafield ind2=" " ind1=" " tag="720">
      <subfield code="a">Belza Egozcue, Maria Jose</subfield>
      <subfield code="e">author</subfield>
   </datafield>
   <datafield ind2=" " ind1=" " tag="720">
      <subfield code="a">Barrio, Gregorio</subfield>
      <subfield code="e">author</subfield>
   </datafield>
   <datafield ind2=" " ind1=" " tag="260">
      <subfield code="c">2023</subfield>
   </datafield>
   <datafield ind2=" " ind1=" " tag="520">
      <subfield code="a">Background/Objectives: Alcohol is the most frequently consumed drug in people aged ≥ 65 years, many of whom exceed the daily limits of alcohol consumption recommended by public health guidelines. Further more, 25% of alcohol attributable deaths occur in people aged ≥ 65 years. While the overall trend of alcohol use has been declining in recent years, some point out that this does not happen in people aged ≥ 65 years. Our objective was to describe the evolution of alcohol consumption in people aged ≥ 65 years in Spain by sex and educational level during 2001-2020. Methods: Data comes from the consecutive editions of the Spanish National Health Survey (ENSE) and the European Health Survey (EES) in Spain. We selected people aged ≥ 65 years. Average daily alcohol intake in grams of pure alcohol was estimated from the quantity frequency of self-reported intake of different alcoholic beverages, assigning a differentiated alcohol content to each of them. Subsequently, the prevalence of intake of &lt; 10/20 grams (moderate drinking) and ≥ 10/20 grams (regular excessive drinking) for women and men, respectively, were obtained. Educational level was categorized into ≤ primary, secondary, and higher education. Changes in alcohol use between 2001-2011 and 2014-2020 were assessed. Results: Prevalence of moderate drinking showed an increasing trend in men throughout the period, while in women it remained stable. By contrast, the prevalence of regular excessive drinking showed a general downward trend in both men and women, regardless of their educational level. The prevalence of regular excessive drinking decreased between the two analysed periods, being this decrease more noticeable in men, while no major sex differences were observed for moderate drinking prevalence. The differences according to educational level in prevalence of alcohol use decreased during the study period. Conclusions/Recommendations: Among people aged ≥ 65 the prevalence of regular excessive alcohol use decreased during 2001-2020, while the prevalence of moderate drinking increased. Educational inequalities in alcohol consumption decreased in the most recent years.</subfield>
   </datafield>
   <datafield ind1="8" ind2=" " tag="024">
      <subfield code="a">Gac Sanit. 2023;37(S1):16-17.</subfield>
   </datafield>
   <datafield ind1="8" ind2=" " tag="024">
      <subfield code="a">http://hdl.handle.net/20.500.12105/19452</subfield>
   </datafield>
   <datafield tag="653" ind2=" " ind1=" ">
      <subfield code="a">Spain</subfield>
   </datafield>
   <datafield tag="653" ind2=" " ind1=" ">
      <subfield code="a">Alcohol Consumption</subfield>
   </datafield>
   <datafield tag="653" ind2=" " ind1=" ">
      <subfield code="a">Socioeconomic factor</subfield>
   </datafield>
   <datafield ind2="0" ind1="0" tag="245">
      <subfield code="a">Trends in alcohol use by educational level in individuals aged 65 and over in Spain</subfield>
   </datafield>
</record></metadata></record></GetRecord></OAI-PMH>